[Event "Open Ciutat de Sabadell 2014"]
[Site "Sabadell ESP"]
[Date "2014.09.08"]
[Round "7.3"]
[White "Alonso Rosell, Alvar"]
[Black "Ortega Serra, Marc"]
[Result "1-0"]
[WhiteElo "2535"]
[BlackElo "2200"]
[PlyCount "127"]
[EventDate "2014.09.02"]
[EventType "swiss"]
[EventRounds "9"]
[EventCountry "ESP"]
[Source "lmi"]
[SourceDate "2014.09.02"]

1. d4 d5 2. Nf3 Nf6 3. Bg5 Ne4 4. Bf4 c5 5. e3 Qb6 6. Qc1 cxd4 7. exd4 Nc6 8.
c3 Bg4 9. Ne5 Nxe5 10. Bxe5 Bf5 11. Be2 Rc8 12. O-O f6 13. Bf4 e5 14. Be3 exd4
15. Bxd4 Bc5 16. Bxc5 Nxc5 17. Nd2 O-O 18. Nf3 Rfe8 19. Nd4 Bd3 20. Qd2 Qa6 21.
Bxd3 Qxd3 22. Qf4 Qe4 23. Qd2 Nd3 24. Rad1 Ne5 25. Rfe1 Qg6 26. b3 Nd3 27.
Rxe8+ Rxe8 28. Nf3 Ne5 29. Qxd5+ Qf7 30. Nxe5 Rxe5 31. Qxf7+ Kxf7 32. Kf1 Re7
33. Rd3 f5 34. Re3 Rd7 35. Ke2 g6 36. Rd3 Rc7 37. c4 Ke7 38. Kd2 Kf6 39. Kc3
Re7 40. Re3 Rd7 41. Re1 f4 42. b4 h5 43. c5 a6 44. a4 g5 45. Rb1 Ke5 46. Re1+
Kf6 47. Re2 h4 48. b5 axb5 49. axb5 Rd5 50. Kc4 Rd1 51. c6 bxc6 52. bxc6 Rc1+
53. Kb5 Rb1+ 54. Ka6 Rc1 55. Kb7 Rb1+ 56. Kc8 g4 57. c7 Rb4 58. Kd7 Rd4+ 59.
Kc6 Rc4+ 60. Kd6 Rc1 61. Re8 Rd1+ 62. Kc6 Rc1+ 63. Kb6 f3 64. gxf3 1-0

[Event "Open Ciutat de Sabadell 2014"]
[Site "Sabadell ESP"]
[Date "2014.09.08"]
[Round "7.4"]
[White "Vidarte Morales, Arturo"]
[Black "Gonzalez Rodriguez, Jorge A"]
[Result "0-1"]
[WhiteElo "2329"]
[BlackElo "2383"]
[PlyCount "142"]
[EventDate "2014.09.02"]
[EventType "swiss"]
[EventRounds "9"]
[EventCountry "ESP"]
[Source "lmi"]
[SourceDate "2014.09.02"]

1. Nf3 Nf6 2. c4 b6 3. g3 c5 4. Bg2 Bb7 5. O-O g6 6. Nc3 Bg7 7. d4 cxd4 8. Qxd4
d6 9. Rd1 Nbd7 10. b3 O-O 11. Bb2 a6 12. Qd2 Re8 13. Nd4 Bxg2 14. Kxg2 Qc7 15.
e4 Qb7 16. f3 Rec8 17. Qe2 e6 18. Rac1 Ne8 19. a4 Nc5 20. Qc2 Rc7 21. Ba1 Rac8
22. Rb1 Nd7 23. Qd2 Ne5 24. Rbc1 h5 25. Nde2 Rd7 26. Nf4 Rcd8 27. Qe2 Nc6 28.
Na2 Bxa1 29. Rxa1 Na5 30. Rab1 Rc8 31. Qd2 Rdc7 32. Nc3 Nc6 33. h4 Ne5 34. Rbc1
Qc6 35. Nh3 Qc5 36. Nf2 Qc6 37. Qe2 Nd7 38. Qb2 Nc5 39. Rb1 Qd7 40. Qd2 Qe7 41.
Qe3 Rb7 42. Qd4 Nd7 43. Rd2 Qf6 44. Qe3 Ne5 45. Rbd1 Qe7 46. Qe2 Rcb8 47. f4
Nd7 48. e5 dxe5 49. fxe5 Nc5 50. b4 Nd7 51. Nd3 Rc8 52. Qe4 Rbc7 53. c5 bxc5
54. b5 c4 55. Nf4 Nc5 56. Qf3 axb5 57. axb5 Rb8 58. Qe3 Ng7 59. b6 Rd7 60. Rd6
Rxd6 61. Rxd6 Rc8 62. Qf3 Nf5 63. Rd1 Rb8 64. Rb1 Qb7 65. Qxb7 Rxb7 66. Nfe2
Nd7 67. Na4 Ne3+ 68. Kf3 Nd5 69. Ke4 N5xb6 70. Nd4 Nxa4 71. Rxb7 Nac5+ 0-1

[Event "Open Ciutat de Sabadell 2014"]
[Site "Sabadell ESP"]
[Date "2014.09.08"]
[Round "7.5"]
[White "Diaz Camallonga, Carles"]
[Black "Gomez Jurado, Luis Alberto"]
[Result "1/2-1/2"]
[WhiteElo "2309"]
[BlackElo "2348"]
[PlyCount "99"]
[EventDate "2014.09.02"]
[EventType "swiss"]
[EventRounds "9"]
[EventCountry "ESP"]
[Source "lmi"]
[SourceDate "2014.09.02"]

1. Nf3 Nf6 2. g3 d5 3. Bg2 Bg4 4. O-O Nbd7 5. d4 e6 6. Nbd2 Bd6 7. c4 c6 8. b3
O-O 9. Bb2 a5 10. a3 Bxf3 11. Nxf3 a4 12. b4 dxc4 13. Ne5 Bxe5 14. dxe5 Nd5 15.
Qd4 Qc7 16. Qxc4 Nxe5 17. Qd4 f6 18. f4 Nf7 19. e4 e5 20. Qf2 Nb6 21. Rac1 Rfe8
22. b5 Nd6 23. fxe5 fxe5 24. bxc6 Nbc4 25. Bc3 Qxc6 26. Bb4 b5 27. Rcd1 Rf8 28.
Qe2 Rxf1+ 29. Rxf1 h6 30. Qh5 Ne3 31. Re1 Nxg2 32. Kxg2 Nf7 33. Qf5 Rd8 34. h4
Qd7 35. Qxd7 Rxd7 36. Rc1 Rd4 37. Rc5 Rxe4 38. Rxb5 h5 39. Kf3 Rd4 40. Ra5 Rd3+
41. Kg2 Kh7 42. Rxa4 Nh6 43. Ra5 Ng4 44. Bc5 e4 45. Bb4 Nf6 46. Re5 Rb3 47. Be7
Kg6 48. Bxf6 gxf6 49. Rxe4 Rxa3 50. Rb4 1/2-1/2

[Event "Open Ciutat de Sabadell 2014"]
[Site "Sabadell ESP"]
[Date "2014.09.08"]
[Round "7.6"]
[White "Colon Garcia, Enrique"]
[Black "Ayats Llobera, Gerard"]
[Result "1-0"]
[WhiteElo "2343"]
[BlackElo "2030"]
[PlyCount "58"]
[EventDate "2014.09.02"]
[EventType "swiss"]
[EventRounds "9"]
[EventCountry "ESP"]
[Source "lmi"]
[SourceDate "2014.09.02"]

1. Nf3 c5 2. e4 d6 3. d4 cxd4 4. Qxd4 Nc6 5. Bb5 Bd7 6. Bxc6 Bxc6 7. Nc3 Nf6 8.
Bg5 e6 9. Qd3 Qc7 10. O-O-O Be7 11. Bxf6 gxf6 12. Nd4 O-O-O 13. Qh3 d5 14. Nxc6
Qxc6 15. exd5 Qb6 16. dxe6 fxe6 17. Nd5 Qd6 18. Rhe1 f5 19. Nxe7+ Qxe7 20.
Rxd8+ Kxd8 21. Rd1+ Ke8 22. Qh5+ Kf8 23. Qh6+ Kf7 24. g4 fxg4 25. Qf4+ Qf6 26.
Rd7+ Kg6 27. Qxg4+ Kh6 28. f4 e5 29. Rd6 Qxd6 1-0

[Event "Open Ciutat de Sabadell 2014"]
[Site "Sabadell ESP"]
[Date "2014.09.08"]
[Round "7.7"]
[White "Valencia Jimenez, Jose"]
[Black "Vehi Bach, Victor Manuel"]
[Result "0-1"]
[WhiteElo "2094"]
[BlackElo "2324"]
[PlyCount "84"]
[EventDate "2014.09.02"]
[EventType "swiss"]
[EventRounds "9"]
[EventCountry "ESP"]
[Source "lmi"]
[SourceDate "2014.09.02"]

1. d4 Nf6 2. Nf3 e6 3. g3 c5 4. Bg2 cxd4 5. Nxd4 d5 6. O-O e5 7. Nb3 Nc6 8. Bg5
Be6 9. Nc3 d4 10. Ne4 Be7 11. Nec5 Bc8 12. e3 dxe3 13. Qxd8+ Kxd8 14. fxe3 Rf8
15. Ne4 Nxe4 16. Bxe7+ Kxe7 17. Bxe4 f5 18. Bxc6 bxc6 19. Nc5 Rb8 20. b3 Rb5
21. Nd3 Rd5 22. Rad1 Rfd8 23. Nb2 Ke6 24. c4 Rd2 25. Rxd2 Rxd2 26. Rf2 Rd8 27.
Na4 e4 28. Rc2 g5 29. b4 f4 30. b5 fxe3 31. Re2 Rd1+ 32. Kg2 Ke5 33. Rxe3 Rd2+
34. Kf1 Kd4 35. Re2 Rxe2 36. Kxe2 Be6 37. bxc6 Bxc4+ 38. Ke1 Bxa2 39. c7 Be6
40. Kd2 Bg4 41. Nc3 e3+ 42. Kc2 Bf5+ 0-1

[Event "Open Ciutat de Sabadell 2014"]
[Site "Sabadell ESP"]
[Date "2014.09.09"]
[Round "8.2"]
[White "Sandipan, Chanda"]
[Black "Diaz Camallonga, Carles"]
[Result "1-0"]
[WhiteElo "2619"]
[BlackElo "2309"]
[PlyCount "67"]
[EventDate "2014.09.02"]
[EventType "swiss"]
[EventRounds "9"]
[EventCountry "ESP"]
[Source "lmi"]
[SourceDate "2014.09.02"]

1. d4 e6 2. Nf3 Nf6 3. Bf4 b6 4. e3 Bb7 5. Bd3 Be7 6. h3 c5 7. Nbd2 Nc6 8. c3
d6 9. Bh2 O-O 10. O-O Rc8 11. a4 Re8 12. Nc4 Bf8 13. dxc5 bxc5 14. Nxd6 Bxd6
15. Bxd6 Na5 16. Bb5 Bc6 17. b4 cxb4 18. cxb4 Nb7 19. Be5 Nd5 20. Bxc6 Rxc6 21.
b5 Rc4 22. Bd4 f6 23. Bxa7 Qa5 24. Bd4 Rd8 25. Qb3 Rdc8 26. e4 Nf4 27. Be3 Rc3
28. Qd1 Rd3 29. Qe1 e5 30. Bxf4 exf4 31. e5 Qxe1 32. Rfxe1 fxe5 33. a5 Rd5 34.
Rxe5 1-0

[Event "Open Ciutat de Sabadell 2014"]
[Site "Sabadell ESP"]
[Date "2014.09.09"]
[Round "8.3"]
[White "Gonzalez Rodriguez, Jorge A"]
[Black "Alonso Rosell, Alvar"]
[Result "1/2-1/2"]
[WhiteElo "2383"]
[BlackElo "2535"]
[PlyCount "106"]
[EventDate "2014.09.02"]
[EventType "swiss"]
[EventRounds "9"]
[EventCountry "ESP"]
[Source "lmi"]
[SourceDate "2014.09.02"]

1. b3 e5 2. Bb2 Nc6 3. e3 Nf6 4. Bb5 Bd6 5. Bxc6 dxc6 6. d3 e4 7. Nc3 Bf5 8.
Nge2 Qe7 9. h3 O-O-O 10. d4 h5 11. Qd2 Kb8 12. O-O-O h4 13. f4 Nh5 14. Kb1 Rhg8
15. d5 c5 16. Nb5 g5 17. Nxd6 cxd6 18. fxg5 Rxg5 19. Rhf1 Bc8 20. Nf4 f5 21.
Nxh5 Rxh5 22. Rf4 Rg8 23. Rdf1 Rhg5 24. R1f2 Rg3 25. c4 Qg5 26. a4 Rxg2 27.
Rxg2 Qxg2 28. Qxg2 Rxg2 29. Rxh4 Rg3 30. Bc1 Rf3 31. Kc2 f4 32. Rxf4 Rxf4 33.
exf4 Bxh3 34. a5 Kc7 35. b4 b6 36. a6 Bg4 37. b5 Bh3 38. Bd2 Kd7 39. Be1 Bf1
40. Kb3 Bh3 41. Kc3 Bg4 42. Kd2 Bh3 43. Ke2 Bg4+ 44. Ke3 Bf5 45. Bd2 Kd8 46.
Kf2 Bh3 47. Bc3 Kd7 48. Bf6 Ke8 49. Bh4 Bg4 50. Ke3 Bf5 51. Be1 Kd7 52. Ba5 Kc7
53. Be1 Kd7 1/2-1/2

[Event "Open Ciutat de Sabadell 2014"]
[Site "Sabadell ESP"]
[Date "2014.09.09"]
[Round "8.4"]
[White "Gomez Jurado, Luis Alberto"]
[Black "Colon Garcia, Enrique"]
[Result "1/2-1/2"]
[WhiteElo "2348"]
[BlackElo "2343"]
[PlyCount "88"]
[EventDate "2014.09.02"]
[EventType "swiss"]
[EventRounds "9"]
[EventCountry "ESP"]
[Source "lmi"]
[SourceDate "2014.09.02"]

1. c4 Nf6 2. g3 e5 3. Bg2 Nc6 4. Nc3 Bb4 5. Nd5 Bc5 6. Nf3 d6 7. O-O O-O 8. d3
h6 9. e3 a6 10. a3 Ba7 11. Nc3 Be6 12. b4 Ne7 13. c5 dxc5 14. Nxe5 cxb4 15.
axb4 c6 16. d4 Ned5 17. Nxd5 Bxd5 18. f3 Ne8 19. Re1 Nd6 20. Kh1 Nb5 21. Bb2
Bb6 22. Nd3 a5 23. Nc5 axb4 24. Rxa8 Qxa8 25. Nd7 Qa2 26. Qa1 Ba5 27. Nxf8 Kxf8
28. e4 b3 29. Rc1 Be6 30. d5 cxd5 31. Rc5 Qxa1+ 32. Bxa1 d4 33. Rxb5 Bc3 34.
Bf1 Bxa1 35. Bd3 Bc3 36. Rxb7 b2 37. Kg2 Ke8 38. f4 Kd8 39. f5 Ba2 40. Kf2 Kc8
41. Rb5 Kc7 42. e5 Kc6 43. Rb8 Kc7 44. Rb5 Kc6 1/2-1/2

[Event "Open Ciutat de Sabadell 2014"]
[Site "Sabadell ESP"]
[Date "2014.09.09"]
[Round "8.5"]
[White "Vehi Bach, Victor Manuel"]
[Black "Vidarte Morales, Arturo"]
[Result "1-0"]
[WhiteElo "2324"]
[BlackElo "2329"]
[PlyCount "79"]
[EventDate "2014.09.02"]
[EventType "swiss"]
[EventRounds "9"]
[EventCountry "ESP"]
[Source "lmi"]
[SourceDate "2014.09.02"]

1. e4 d6 2. d4 g6 3. Nc3 Bg7 4. Be3 c6 5. Qd2 Nd7 6. Nf3 b5 7. Bd3 Bb7 8. a4 b4
9. Ne2 a5 10. Ng3 Ba6 11. O-O Qc7 12. Rfe1 e6 13. Bxa6 Rxa6 14. Rad1 h5 15. d5
e5 16. Qd3 Qb7 17. dxc6 Rxc6 18. Nd2 Qc7 19. b3 Ngf6 20. Nc4 Bf8 21. c3 bxc3
22. Ne2 c2 23. Qxc2 Be7 24. Nc3 O-O 25. Nb5 Qb8 26. Qd3 Qa8 27. f3 Nc5 28. Bxc5
Rxc5 29. Nbxd6 Rc6 30. Nb5 Rd8 31. Qe2 Bb4 32. Rxd8+ Qxd8 33. Rd1 Qe7 34. Qd3
Kg7 35. g3 h4 36. Kg2 Qe6 37. Nc3 h3+ 38. Kf1 Rc8 39. Nd5 Rd8 40. Nc7 1-0

[Event "Open Ciutat de Sabadell 2014"]
[Site "Sabadell ESP"]
[Date "2014.09.09"]
[Round "8.6"]
[White "Ramirez Carrizo, Victor Jose"]
[Black "Lorenzo De La Riva, Lazaro"]
[Result "1-0"]
[WhiteElo "2098"]
[BlackElo "2391"]
[PlyCount "55"]
[EventDate "2014.09.02"]
[EventType "swiss"]
[EventRounds "9"]
[EventCountry "ESP"]
[Source "lmi"]
[SourceDate "2014.09.02"]

1. e4 e5 2. f4 exf4 3. Nf3 d6 4. d4 g5 5. g3 Bg7 6. Nc3 h6 7. gxf4 g4 8. Rg1
Bf6 9. Be3 gxf3 10. Qxf3 Bh4+ 11. Bf2 Bxf2+ 12. Qxf2 Ne7 13. O-O-O Ng6 14. Nd5
c6 15. f5 Nf8 16. Nf4 Na6 17. Bc4 Bd7 18. Nh5 Nh7 19. Rg7 Qa5 20. Qh4 Ng5 21.
Nf6+ Ke7 22. Rxf7+ Kd8 23. Rxd7+ Kc8 24. Qf4 Nb8 25. Rg7 Qd8 26. Be6+ Nxe6 27.
fxe6 Qf8 28. Rdg1 1-0